00653nam a2200193Ia 4500008004100000050001500041050001500056100003100071245015100102245003100253260003100284260001000315260001000325300001500335300002000350300001100370500005600381521002200437160517s9999 xx 000 0 und d aLB 1025.2  b.D339 2016 aDe La Rea, Yzelle Xaira B. 3aAn explanatory study on the social skills of the abandoned and neglected children of elsie gaches village with or without recreational activity /  cYzelle Xaira B. De La Rea. aLas Piñas, Philippines : bSISC, c2016. a95 pages : billustrations ; c28 cm. aIncludes bibliographical references and appendices. aSpecial Education